LEADER 04136nam0 2200469 i 450 001 BVEE021444 005 20170908093211.0 012 $a,&Vi 2328 raue pola (3) 1561 (R)$2fei 100 $a20090225d1561 ||||0itac50 ba 101 | $aita 102 $ait 181 1$6z01$ai $bxxxe 182 1$6z01$an 200 1 $a˜Le œprose di M. Pietro Bembo, nelle quali si ragiona della volgar lingua, scritte al cardinal de' Medici, che poi fu creato a sommo pontefice, & detto papa Clemente 7. Diuise in tre libri, e di nuouo aggionte le postille nel margine, e reuiste con somma diligenza da M. Lodouico Dolce. Con la tauola 210 $aIn Vinegia$cappresso Gabriel Giolito de' Ferrari$d1561$e[Venezia$gGabriel Giolito De Ferrari] 215 $a[52], 258 [i.e. 262], [2] p.$c1 ritr.$d12º 300 $aRiferimenti: EDIT 16 CNCE 5060 300 $aMarche sul frontespizio (A119) e a carta L10r (Z543) 300 $aSegnatura: *¹² 2*¹⁴ A-K¹² L¹⁰; numerosi errori nella numerazione delle p.; corsivo, romano; iniziali e fregi xilografici; ritratto dell'autore a carta 2*14v 300 $aVariante B: la p. 253 segnata 3 300 $aVariante C: la p. 253 segnata 153 300 $aVariante D: la p. 253 segnata 53. 316 $a1 v. - Var. D. - Non vi sono errori di paginazione, fatta eccezione per p. 253, erroneamente segnata 53. - Mutilo delle cc. L11-14. - Timbro RB sul front. - Nota ms. sul front.: Dom. prof. Soc. Jesu. catal. inscrip...B$5IT-NA0079, SALA FARN.37. A 48 316 $a1 v. in vol. misc. - Mutilo della c. K12$5IT-NA0079, SALA FARN.37. A 48 317 $aPossessore: *Gesuiti . Nota ms. sul front.$5IT-NA0079 SALA FARN. 37. A 48 620 $dVenezia$3SBLL003553 700 1$aBembo$b, Pietro$3CFIV048916$4070$039289 702 1$aDolce$b, Lodovico$3CFIV064508 712 02$aGiolito de Ferrari, Gabriele$3BVEV017412$4650 712 02$aGesuiti$c $3NAPP000036$4390$5IT-NA0079 SALA FARN. 37. A 48 790 0$aAccademico Pellegrino$3BVEV048948$zDolce, Lodovico 790 1$aDolce$b, Ludovico$3SBNV007056$zDolce, Lodovico 791 02$aGiolito de Ferrari, Cabriele$3CFIV231408$zGiolito de Ferrari, Gabriele 801 3$aIT$bIT-NA0079$c20090225 850 $aIT-NA0079 912 $aBVEE021444 921 $aBVEM000663$bFenice su fiamme che si sprigionano da una sfera alata dove sono iscritte le iniziali G.G.F. o G.I.F. - Motto: Vivo morte refecta mea; Semper eadem.$cZ543$dSenza motto esterno. 921 $aCFIM000015$bFenice rivolta a destra su un'anfora infuocata con sopra iniziali GGF sorretta da due satiri senza ali rivolti all'esterno con ramoscello in mano ciascuno.$cA119$dSul front. 950 0$aBiblioteca Nazionale Vittorio Emanuele III$c1 v.$d BNSALA FARN.37. A 48$e BNA010014644275 H 1 v. - Var. D. - Non vi sono errori di paginazione, fatta eccezione per p. 253, erroneamente segnata 53. - Mutilo delle cc. L11-14. - Timbro RB sul front. - Nota ms. sul front.: Dom. prof. Soc. Jesu. catal. inscrip...B$fC $h20121127$i20121127$lVar. D. - Non vi sono errori di paginazione, fatta eccezione per p. 253, erroneamente segnata 53.$mCaratteristiche materiali$lMutilo delle cc. L11-14$mImperfezioni$lTimbro RB sul front.$mTimbri storici della biblioteca proprietaria$lNota ms. sul front.: Dom. prof. Soc. Jesu. catal. inscrip...B$mNote, dedica, postille e note di possesso manoscritte$b1 v. in vol. misc.$c1 v. in vol. misc.$d BNS.Q. 21. A 66$e BNA010014575605 M (3 1 v. in vol. misc. - Mutilo della c. K12$fC $h20090225$i20090225 977 $a BN 996 $aProse di M. Pietro Bembo, nelle quali si ragiona della volgar lingua, scritte al cardinal de' Medici, che poi fu creato a sommo pontefice, & detto papa Clemente 7. Diuise in tre libri, e di nuouo aggionte le postille nel margine, e reuiste con somma diligenza da M. Lodouico Dolce. Con la tauola$91420495 997 $aUNISANNIO LEADER 04066nam 22013095 450 001 9910154742203321 005 20190708092533.0 010 $a1-4008-8236-2 024 7 $a10.1515/9781400882366 035 $a(CKB)3710000000631400 035 $a(MiAaPQ)EBC4738711 035 $a(DE-B1597)468041 035 $a(OCoLC)979836510 035 $a(DE-B1597)9781400882366 035 $a(EXLCZ)993710000000631400 100 $a20190708d2016 fg 101 0 $aeng 135 $aurcnu|||||||| 181 $2rdacontent 182 $2rdamedia 183 $2rdacarrier 200 14$aThe Two-Valued Iterative Systems of Mathematical Logic. (AM-5), Volume 5 /$fEmil L. Post 210 1$aPrinceton, NJ : $cPrinceton University Press, $d[2016] 210 4$d1942 215 $a1 online resource (133 pages) $cillustrations 225 0 $aAnnals of Mathematics Studies ;$v347 300 $aLithoprinted. 311 $a0-691-09570-1 320 $aIncludes bibliographical references. 327 $tFrontmatter -- $tCONTENTS -- $tINTRODUCTION -- $tPart I. PRELIMINARIES -- $tPART II. DERIVATION OP CLOSED SYSTEMS -- $tPART III. CO-ORDINATION AND APPLICATION -- $tBIBLIOGRAPHY 330 $aThe description for this book, The Two-Valued Iterative Systems of Mathematical Logic. (AM-5), Volume 5, will be forthcoming. 410 0$aAnnals of mathematics studies ;$vno. 5. 606 $aLogic, Symbolic and mathematical 610 $a0Q. 610 $a1J. 610 $aAbstract structure. 610 $aAddition. 610 $aAntiderivative. 610 $aArgument of a function. 610 $aAxiom. 610 $aBig O notation. 610 $aBijection. 610 $aBoolean algebra (structure). 610 $aCalculation. 610 $aCardinal number. 610 $aClassical mathematics. 610 $aConjecture. 610 $aContradiction. 610 $aCountable set. 610 $aDiagram (category theory). 610 $aDimension. 610 $aDirect proof. 610 $aDuality (mathematics). 610 $aDuality (optimization). 610 $aExistential quantification. 610 $aFinite group. 610 $aFinite set. 610 $aFloor and ceiling functions. 610 $aFunction (mathematics). 610 $aInequality (mathematics). 610 $aInverse problem. 610 $aIteration. 610 $aJoin and meet. 610 $aK-function. 610 $aLattice (order). 610 $aLinear differential equation. 610 $aLogic. 610 $aLogical conjunction. 610 $aLogical disjunction. 610 $aMathematical induction. 610 $aMathematical logic. 610 $aMembership function (mathematics). 610 $aMorphism. 610 $aMutual exclusivity. 610 $aNegation. 610 $aNotation. 610 $aNull set. 610 $aOswald Veblen. 610 $aParameter. 610 $aParity (mathematics). 610 $aPolynomial. 610 $aPrincipia Mathematica. 610 $aProjective geometry. 610 $aPropositional calculus. 610 $aPropositional variable. 610 $aRequirement. 610 $aScientific notation. 610 $aSequence. 610 $aStatistical hypothesis testing. 610 $aSubgroup. 610 $aSubset. 610 $aSuggestion. 610 $aSummation. 610 $aSystem T. 610 $aThe Principles of Mathematics. 610 $aTheorem. 610 $aTransfinite number. 610 $aTransfinite. 610 $aTruth table. 610 $aUncountable set. 610 $aUniqueness. 610 $aVariable (mathematics). 610 $aVenn diagram. 615 0$aLogic, Symbolic and mathematical. 676 $a164 700 $aPost$b Emil L., $058265 801 0$bDE-B1597 801 1$bDE-B1597 906 $aBOOK 912 $a9910154742203321 996 $aThe Two-Valued Iterative Systems of Mathematical Logic. (AM-5), Volume 5$92786532 997 $aUNINA